First 200 Words: To Kill A Mockingbird Quiz Stats

Quiz not verified by Sporcle

Challenge
Share
Tweet
Embed
Score 0/200 Timer 16:00
1 Play Today
% Correct
a
97.7%
I
94%
I
94%
the
93.4%
the
93.4%
the
93.4%
the
93.4%
the
93.4%
the
93.4%
the
93.4%
the
93.4%
the
93.4%
the
93.4%
was
82.5%
was
82.5%
was
82.5%
was
82.5%
was
82.5%
at
81.9%
at
81.9%
he
81.5%
he
81.5%
he
81.5%
He
81.5%
he
81.5%
He
81.5%
he
81.5%
he
81.5%
to
81.3%
to
81.2%
to
81.2%
to
81.2%
to
81.2%
to
81.2%
to
81.2%
to
81.2%
When
78.6%
When
78.5%
when
78.5%
When
78.5%
when
78.5%
we
76.2%
we
76.2%
We
76.2%
and
75.3%
and
75.3%
and
75.3%
it
74.3%
my
74.3%
it
74.3%
it
74.3%
it
74.3%
it
74.3%
my
74.2%
be
70.8%
on
68.1%
brother
68%
Jem
68%
Jem,
68%
his
67%
his
66.9%
His
66.9%
his
66.9%
his
66.9%
his
66.9%
his
66.9%
his
66.9%
% Correct
his
66.9%
of
63.1%
of
63.1%
of
63.1%
of
63.1%
that
58.7%
that.
58.7%
arm
58.5%
arm
58.5%
were
57.4%
were
57.4%
so
57%
had
57%
Boo
54.7%
if
53.6%
If
53.6%
if
53.6%
could
52.3%
Finch
51.9%
Radley
51.7%
would
50.9%
would
50.9%
where
50.7%
summer
50.6%
who
50.5%
as
50.5%
said
49.5%
said
49.5%
said
49.5%
thirteen,
49.4%
came
48.8%
us
46.5%
us,
46.5%
us
46.5%
all,
45.7%
broken
45.5%
but
45%
got
44.8%
have
44.6%
have
44.6%
out.
43.7%
elbow.
43.1%
never
42.4%
never
42.4%
by
41.4%
play
40.6%
years
39.1%
years
39.1%
with
38.6%
up
38.5%
up
38.5%
gone
37.8%
than
37.5%
or
37.2%
come
36.8%
right;
36.7%
right
36.6%
about
36.5%
Dill
35.4%
Dill
35.4%
healed,
35.2%
nearly
34.2%
badly
34.1%
four
34.1%
football
33.3%
left
33.2%
back
31.9%
% Correct
back
31.9%
long
31.8%
long
31.8%
before
31.8%
hand
30.7%
wanted
30.5%
them,
30.1%
look
30%
Alabama,
28.8%
being
27.7%
couldn't
27.7%
first
27.1%
able
26.9%
hadn't
26.7%
hadn't?
26.7%
gave
25.9%
senior,
24.6%
started
24.3%
started
24.3%
shorter
24.2%
take
24.1%
run
24.1%
pass
24%
angles
23.8%
began
23.3%
began
23.3%
walked,
22.4%
idea
21.2%
thing,
21.1%
body,
19.8%
making
19.4%
enough
19.3%
fears
18.9%
really
18.9%
less,
18.8%
stood
18.7%
thumb
18.7%
far
18.4%
Jem's
17%
assuaged,
16.9%
cared
16.7%
injury.
16.6%
creek,
16.2%
Ewells
15.7%
punt.
15.6%
somewhat
15%
Jackson.
14.6%
Jackson
14.6%
thigh.
14.6%
parallel
14.5%
Simon
14.3%
self-conscious
14.1%
General
14%
Andrew
14%
events
13.9%
seldom
13.6%
maintain
13.4%
accident.
13.2%
view
12.8%
paddled
12.7%
enable
12.6%
Creeks
12.5%
leading
12.2%
broad
11.6%
sometimes
11.3%
discussed
10.7%

You're not logged in!

Compare scores with friends on all Sporcle quizzes.
Sign Up with Email
OR
Log In

You Might Also Like...

Show Comments

Extras

Editor's Pick Nov 16, 2016ReportNominate
Tags:Novel Quiz, First Word, First Words

Top Quizzes Today


Score Distribution

Your Account Isn't Verified!

In order to create a playlist on Sporcle, you need to verify the email address you used during registration. Go to your Sporcle Settings to finish the process.